| 000 | 00652nam a22002052 4500 | ||
|---|---|---|---|
| 001 | 0000006019 | ||
| 005 | 20151217152011.0 | ||
| 008 | 070912s xx 000 0 eng d | ||
| 020 |
_a0785270345 : _cKES 1,090 |
||
| 040 |
_aKABU _cKABU |
||
| 100 | 1 |
_aMaxwell, John C. _@0000150804 |
|
| 245 | 1 | 4 |
_aThe 21 irreputable laws of leadership : _bfollow them and people will follow you. |
| 260 |
_aNashville, Tennessee : _bThomas Nelson, _c1998. |
||
| 300 | _axxi, 229 p. | ||
| 650 | 0 |
_aLeadership. _@0000150687 |
|
| 908 | _a070912 | ||
| 950 | _@1 | ||
| 999 |
_c7166 _d7166 |
||